| 000 | 01393nam a2200361 i 4500 | ||
|---|---|---|---|
| 001 | 198123 | ||
| 003 | ES-MaACL | ||
| 005 | 20260624184307.0 | ||
| 007 | ta | ||
| 008 | 260219s2024 sp a||| ||||| 001 0 spa d | ||
| 017 |
_aSE 2565-2025 _bOficina Depósito Legal Sevilla |
||
| 020 | _a978-84-19132-69-7 | ||
| 040 |
_aES-MaACL _bspa _cES-MaACL _erda |
||
| 080 | _a308(460)"2001/2025" | ||
| 100 | 1 |
_aBellido, Manuel _9242852 _4aut _eaut |
|
| 245 | 1 | 0 |
_a25 de 25 : _bconversaciones sobre el primer cuarto del siglo XXI / _cManuel Bellido |
| 246 | 3 | _aVeinticinco de veinticinco | |
| 250 | _aPrimera edición: noviembre, 2025 | ||
| 264 | 1 |
_aSevilla : _bFundación José Manuel Lara, _c2025 |
|
| 264 | 4 | _c©2025 | |
| 300 |
_a433 páginas : _bilustraciones (blanco y negro) ; _c23 cm |
||
| 336 |
_atexto _2rdacontent |
||
| 337 |
_asin mediación _2rdamedia |
||
| 338 |
_avolumen _2rdacarrier |
||
| 500 | _aÍndice | ||
| 651 | 0 |
_aEspaña- _xSituación social- _yS.XXI _9238604 |
|
| 655 | 4 |
_aEntrevistas _9234232 |
|
| 852 |
_aES-MaACL _cDEPO1 _jA-16039 _xEncuadernación rústica con solapas |
||
| 942 |
_cMONOGRAFIA _n0 |
||
| 999 |
_c198123 _d198123 |
||